|
|
|
|
| LEADER |
00000cam a2200000 a 4500 |
| 001 |
61620 |
| 003 |
Ucuenca |
| 005 |
20230308165917.0 |
| 008 |
000000|1982 cu |||||r|||||||||||spa|| |
| 040 |
|
|
|b spa
|
| 041 |
0 |
|
|a eng
|
| 082 |
0 |
|
|a 811.9
|
| 100 |
1 |
|
|a Agard, John.
|d 1949-
|9 54407
|
| 245 |
|
|
|a Man to pan
|c John Agard
|h imp
|
| 264 |
|
|
|a La Habana
|b Casa de las Américas
|c 1982
|
| 300 |
|
|
|a 78 páginas:
|c 19 cm
|
| 650 |
1 |
|
|a Poesia norteamericana
|9 53961
|
| 852 |
|
|
|a UC-CDJBV
|f Donación
|l 1
|m General
|p 00000000
|r 1
|t 61620
|b 0
|d CDRC
|e CDRC
|g 811.9 TERCER PISO
|z 0000-00-00
|
| 942 |
|
|
|c BK
|2 ddc
|z paola.amaya@ucuenca.edu.ec
|0 1
|
| 999 |
|
|
|c 30446
|d 30446
|